Catálogo
 En Linea

Negocio e intercambio cultural : (Registro nro. 41357)

Detalles MARC
000 -CABECERA
campo de control de longitud fija 00967nam a2200253 a 4500
001 - NÚMERO DE CONTROL
campo de control 000041868
005 - FECHA Y HORA DE LA ÚLTIMA TRANSACCIÓN
campo de control 20201002035812.0
008 - DATOS DE LONGITUD FIJA--INFORMACIÓN GENERAL
campo de control de longitud fija 131014s2005 sp 001 0 spa d
020 ## - NÚMERO INTERNACIONAL ESTÁNDAR DEL LIBRO
Número Internacional Estándar del Libro 8447208265
020 ## - NÚMERO INTERNACIONAL ESTÁNDAR DEL LIBRO
Número Internacional Estándar del Libro 8400083083
020 ## - NÚMERO INTERNACIONAL ESTÁNDAR DEL LIBRO
Número Internacional Estándar del Libro 8477982074
040 ## - FUENTE DE LA CATALOGACIÓN
Centro catalogador/agencia de origen DO-SdBNP
Lengua de catalogación spa
Centro/agencia transcriptor BNPHU
082 ## - NÚMERO DE LA CLASIFICACIÓN DECIMAL DEWEY
Número de clasificación xxxx
Número de documento/Ítem xxx
100 1# - ENTRADA PRINCIPAL--NOMBRE DE PERSONA
Nombre de persona Rueda Ramírez, Pedro J.
9 (RLIN) 68755
245 10 - MENCIÓN DE TÍTULO
Título Negocio e intercambio cultural :
Resto del título el comercio de libros con América en la Carrera de Indias (siglo XVII) /
Mención de responsabilidad, etc. Pedro J. Rueda Ramírez.
260 ## - PUBLICACIÓN, DISTRIBUCIÓN, ETC.
Lugar de publicación, distribución, etc. Sevilla, :
Nombre del editor, distribuidor, etc. Secretariado de Publicaciones de la Universidad de Sevilla
-- Consejo Superior de Investigaciones Científicas,
-- Diputación de Sevilla,
Fecha de publicación, distribución, etc. 2005.
300 ## - DESCRIPCIÓN FÍSICA
Extensión 524 p. ;
Dimensiones 24 cm.
490 1# - MENCIÓN DE SERIE
Mención de serie Nuestra América
Designación de volumen o secuencia 16
490 1# - MENCIÓN DE SERIE
Mención de serie Historia y geografía
Designación de volumen o secuencia 99
500 ## - NOTA GENERAL
Nota general Incluye índice Onomástico
500 ## - NOTA GENERAL
Nota general Incluye notas al pie de página
830 #0 - PUNTO DE ACCESO ADICIONAL DE SERIE-TÍTULO UNIFORME
Título uniforme Nuestra América
Designación de volumen o secuencia 16
9 (RLIN) 4552
830 #0 - PUNTO DE ACCESO ADICIONAL DE SERIE-TÍTULO UNIFORME
Título uniforme Historia y geografía
Designación de volumen o secuencia 99
9 (RLIN) 68390
Existencias
Estado de retiro Estado de pérdida Restricciones de uso No para préstamo Código de colección Localización permanente Ubicación/localización actual Ubicación en estantería Fecha de adquisición Número de inventario Total de préstamos Signatura topográfica completa Código de barras Fecha visto por última vez Precio válido a partir de Tipo de ítem Koha
      Excluido de préstamo Monografías: Libros y Folletos General General En catalogación 18.10.2013 LF1   xxxx xxx 41868-10 25.06.2020 25.06.2020 No se presta

Con tecnología Koha